Neuropsicología cognitiva humana

Saved in:
Bibliografiske detaljer
Main Authors: Ellis, A. W (Author), Young, A. W (Author)
Format: Bog
Sprog:spansk
Udgivet: Barcelona Masson 1992
Serier:Colección de neuropsicología, Procesos Cognitivos y Rehabilitación
Fag:
Tags: Tilføj Tag
Ingen Tags, Vær først til at tagge denne postø!

MARC

LEADER 00000nam a2200000 a 4500
001 UCR5043
003 CL-VaPUC
008 980320e19920000SP |||||||||||||||||spa|d
082 0 4 |a 370.152  |b ELL  |2 21 
100 0 |a Ellis, A. W  |e author  |9 405694 
700 0 |a Young, A. W  |e author  |9 405695 
245 1 0 |a Neuropsicología cognitiva humana 
300 |a 358 p 
942 |c BK 
945 |d 19980320 00:00:00  |a rbrito 
260 |a Barcelona  |b Masson  |c 1992 
650 0 |a Psicología del aprendizaje  |9 306854 
650 0 |a Neuropsicología  |9 270837 
650 0 |a Ortografía  |9 309144 
650 0 |a Escritura  |9 264941 
650 0 |a Cognición   |9 270347 
650 0 |a Comunicación   |9 257251 
583 |a last modification  |c 19980320 00:00:00  |k Rodrigo Vera 
490 0 |a Colección de neuropsicología, Procesos Cognitivos y Rehabilitación 
999 |c 267778  |d 267776 
952 |0 0  |1 0  |4 0  |6 370_152000000000000_ELL_1992  |7 0  |8 R  |9 300323  |a BIBEDU  |b BIBEDU  |c MCIRC  |d 2019-11-20  |i 3404463  |o 370.152 ELL 1992  |p 3404463  |r 2023-01-13  |w 2019-11-20  |y BK_R  |k EPE 
952 |0 0  |1 0  |4 0  |6 370_152000000000000_ELL_1992  |7 0  |8 A  |9 300324  |a FDOPOS  |b FDOPOS  |d 2019-11-20  |i 3626105  |o 370.152 ELL 1992  |p 3626105  |r 2025-01-22  |w 2019-11-20  |y BK  |k MLA